Hauts-de-France : Chaines de mots - Statistiques

Statistiques générales
  • Ce quiz a été pris 308 fois
  • Le résultat moyen est 12 sur 32
Statistiques - réponses
Indice Mot % Correct
Capitale des Hauts-de-France LILLE
97%
Département ayant pour chef lieu Amiens SOMME
68%
Port le plus septentrional de France DUNKERQUE
67%
Préféré au Père Noël dans plusieurs départements Saint... NICOLAS
66%
Département le plus septentrional NORD
66%
Célèbre fête de Dunkerque ou Douai CARNAVAL
63%
Une des trois villes de la métropole lilloise ROUBAIX
60%
Prénom du président né dans les Hauts-de-France en 1977 EMMANUEL
59%
Celle de journalisme de Lille est reconnue ECOLE
57%
Les beffrois ont été classés par l' UNESCO
56%
Région située au sud des Hauts-de-France ILE-DE-FRANCE
52%
Chef lieu de l'Aisne LAON
48%
Prénom du président du conseil régional XAVIER
48%
Les bêtises de Cambrai sont dues à une ERREUR
46%
Station balnéaire de la Côte d'opale (2 mots) LE TOUQUET
46%
Tour communale BEFFROI
43%
Plus grande ville de l'Aisne SAINT-QUENTIN
42%
Le tunnel qui part de Coquelle mène au ROYAUME-UNI
37%
Celui des comtes de Flandres portait un lion ECU
35%
Fleuve qui passe à Valenciennes ESCAUT
34%
Petit biscuit épicé apprécié dans le nord de la région SPECULOOS
32%
Le climat ne l'est pas particulièrement... SEC
31%
Deux de celles de la région sont classés au patrimoine mondial EGLISES
19%
Ancien évêché du Pas-de-Calais SAINT-OMER
17%
Fin du tronçon payant de l'A1 vers Paris SENLIS
16%
Lieu de fabrication de la chicorée Leroux ORCHIES
13%
Sa cathédrale est en gothique primitif NOYON
12%
Ancien évêché du Pas-de-Calais THEROUANNE
5%
Prénom répandu chez les comtes de Boulogne EUSTACHE
3%
Célèbre familille de peintres LE NAIN
2%
Journaliste né dans l'Aisne, Philippe TESSON
2%
Commune qui porte le nom d'une sainte ISBERGUES
1%
Aucun quiz correspondant
Distribution des résultats
% des personnes avec chaque résultat
Percentile par nombre de réponses
Votre historique - résultats
Vous n’avez pas pris ce quiz